Online Catalogue and eLibrary

The Nattukottai Chettiar merchant bankers in Ceylon, (Record no. 308)

MARC details
000 -LEADER
fixed length control field 00610cam a2200193 4500
001 - CONTROL NUMBER
control field 315035
005 - DATE AND TIME OF LATEST TRANSACTION
control field 20240206050617.0
008 - FIXED-LENGTH DATA ELEMENTS--GENERAL INFORMATION
fixed length control field 730926s1973 ce a b 000 0 eng
040 ## - CATALOGING SOURCE (பட்டியலாக்க மூலம்)
Original cataloging agency DLC
Transcribing agency DLC
Modifying agency DLC
082 00 - DDC Classification
Class No. 306.3
DDC Edition Number 22
Item Number - Author Mark WEE.
100 1# - MAIN ENTRY--PERSONAL NAME
Personal name Weerasooria, W. S.
245 14 - TITLE STATEMENT
Title The Nattukottai Chettiar merchant bankers in Ceylon,
Statement of responsibility, etc. by W. S. Weerasooria. With a foreword by William Tennekoon.
260 ## - PUBLICATION, DISTRIBUTION, ETC.
Place of publication, distribution, etc. Dehiwala,
Name of publisher, distributor, etc. Tisara Prakasakayo
Date of publication, distribution, etc. 1973
300 ## - PHYSICAL DESCRIPTION
Extent (e.g. Volumes, Pages etc.) xxvii, 170 p.
500 ## - GENERAL NOTE
General note A revision of the author's thesis, University of Ceylon.
650 #0 - SUBJECT ADDED ENTRY--TOPICAL TERM
Topical term or geographic name entry element Finance
650 #0 - SUBJECT ADDED ENTRY--TOPICAL TERM
Topical term or geographic name entry element Banks and banking
942 ## - Koha item type (Biblio)
Koha item type Books in Stacks (Lending)
Holdings
Lost status Damaged status Collection code Home library Current library Date acquired Full call number Accession Number Item type
    Lending WERC Library WERC Library 02/06/2024 306.3 WEE. 569 Books in Stacks (Lending)

© WERC Library